[Event "Unna Open 2022"]
[Site "Unna"]
[Date "2022.12.30"]
[Round "7.20"]
[White "Schirmbeck, Markus"]
[Black "Paul, André David"]
[Result "1-0"]
[WhiteElo "1781"]
[BlackElo "1583"]
[Annotator "Medger,Gernot"]
[PlyCount "57"]
[EventDate "2022.12.??"]
[EventType "tourn"]
[EventRounds "7"]
[EventCountry "GER"]

1. e4 e6 2. d4 d5 3. e5 c5 4. c3 Nc6 5. Be3 Qb6 6. Qd2 cxd4 7. cxd4 Bb4 8. Nc3
Bd7 9. Nf3 Rc8 10. Rc1 Na5 11. Bd3 Ne7 12. O-O O-O 13. Qe2 a6 14. Bxh7+ Kh8 15.
Ng5 g6 16. Qf3 Nf5 17. Qh3 Kg7 18. g4 Rh8 19. gxf5 gxf5 20. Nxf7 Rxh7 21. Bh6+
Rxh6 22. Qxh6+ Kxf7 23. Qf6+ Ke8 24. Nxd5 Qxd4 25. Qh8+ Kf7 26. Qh7+ Kf8 27.
Nf6 Rxc1 28. Rxc1 Bc6 29. Rxc6 1-0

[Event "Unna Open 2022"]
[Site "Unna"]
[Date "2022.12.30"]
[Round "7.21"]
[White "Hammerschmidt, Martin"]
[Black "Eiden, Markus"]
[Result "1-0"]
[WhiteElo "1583"]
[BlackElo "1744"]
[Annotator "Medger,Gernot"]
[PlyCount "49"]
[EventDate "2022.12.??"]
[EventType "tourn"]
[EventRounds "7"]
[EventCountry "GER"]

1. e4 e5 2. Nf3 Nc6 3. d4 exd4 4. c3 dxc3 5. Nxc3 Bb4 6. Bc4 Nf6 7. e5 d5 8.
exf6 dxc4 9. Qxd8+ Nxd8 10. fxg7 Rg8 11. Bd2 Rxg7 12. Nd5 Bxd2+ 13. Nxd2 Ne6
14. Nxc4 Rxg2 15. Nce3 Rg5 16. f4 Rg7 17. Nf6+ Ke7 18. Ned5+ Kf8 19. Nh5 Rg2
20. O-O-O c6 21. Ndf6 h6 22. f5 Nc7 23. Nh7+ Kg8 24. N5f6+ Kh8 25. Rd8+ 1-0

[Event "Unna Open 2022"]
[Site "Unna"]
[Date "2022.12.30"]
[Round "7.22"]
[White "Xudagulyan, Xoren"]
[Black "Muhr, Mattis"]
[Result "1-0"]
[WhiteElo "1728"]
[BlackElo "1551"]
[Annotator "Medger,Gernot"]
[PlyCount "43"]
[EventDate "2022.12.??"]
[EventType "tourn"]
[EventRounds "7"]
[EventCountry "GER"]

1. d4 Nf6 2. c4 g6 3. Nc3 Bg7 4. e4 d6 5. Nf3 O-O 6. Be2 c5 7. d5 e6 8. O-O
exd5 9. exd5 Bf5 10. h3 Nbd7 11. Bf4 Qc7 12. Nb5 Qb8 13. Bxd6 Qd8 14. Bxf8 Qxf8
15. Nh4 a6 16. Nc3 Nb6 17. Nxf5 gxf5 18. Qc2 Re8 19. Bd3 Ne4 20. Nxe4 fxe4 21.
Bxe4 Qd6 22. Bxh7+ 1-0

[Event "Unna Open 2022"]
[Site "Unna"]
[Date "2022.12.30"]
[Round "7.23"]
[White "Bui, Hoan Tam"]
[Black "Böse, Marc"]
[Result "1/2-1/2"]
[WhiteElo "1675"]
[BlackElo "1568"]
[Annotator "Medger,Gernot"]
[PlyCount "35"]
[EventDate "2022.12.??"]
[EventType "tourn"]
[EventRounds "7"]
[EventCountry "GER"]

1. e4 e6 2. d4 d5 3. Nd2 Nf6 4. e5 Nfd7 5. f4 c5 6. c3 Nc6 7. Ndf3 Qb6 8. Ne2
Be7 9. a3 a5 10. h4 h5 11. Rh3 f5 12. Kf2 c4 13. Kg1 a4 14. Kh1 g6 15. Rg3 Nf8
16. Neg1 Qd8 17. Ng5 b5 18. N1h3 1/2-1/2

[Event "Unna Open 2022"]
[Site "Unna"]
[Date "2022.12.30"]
[Round "7.24"]
[White "Konrad, Alechander"]
[Black "Krolik, Wilfried"]
[Result "1-0"]
[WhiteElo "1658"]
[BlackElo "1472"]
[Annotator "Medger,Gernot"]
[PlyCount "91"]
[EventDate "2022.12.??"]
[EventType "tourn"]
[EventRounds "7"]
[EventCountry "GER"]

1. e4 c5 2. Nf3 d6 3. d4 cxd4 4. Nxd4 Nf6 5. Nc3 a6 6. a4 e5 7. Nb3 Be6 8. Be2
h6 9. O-O Be7 10. Kh1 O-O 11. f3 Nc6 12. Be3 Na5 13. Nd2 d5 14. exd5 Nxd5 15.
Nxd5 Bxd5 16. c3 Rc8 17. Rc1 Nc4 18. Nxc4 Bxc4 19. Bxc4 Rxc4 20. Qb3 Qc8 21.
Bb6 Qc6 22. a5 Rc8 23. Rcd1 Bd6 24. Rd2 Bc7 25. Rfd1 Bxb6 26. axb6 Qa4 27. Qxa4
Rxa4 28. Rd7 Ra2 29. Rb1 Rb8 30. h3 Kf8 31. c4 Ke8 32. Rc7 a5 33. c5 Ra4 34.
Re1 f6 35. Rxg7 Kf8 36. Rh7 Kg8 37. Rc7 Rd4 38. Ra1 a4 39. Ra3 Rb4 40. Kh2 Rd4
41. b3 axb3 42. Rxb3 h5 43. Ra3 e4 44. fxe4 Rxe4 45. Rg3+ Kh8 46. Rgg7 1-0

[Event "Unna Open 2022"]
[Site "Unna"]
[Date "2022.12.30"]
[Round "7.25"]
[White "Kamper, Marco"]
[Black "Siebert, Michael"]
[Result "0-1"]
[WhiteElo "1635"]
[BlackElo "1435"]
[Annotator "Medger,Gernot"]
[PlyCount "54"]
[EventDate "2022.12.??"]
[EventType "tourn"]
[EventRounds "7"]
[EventCountry "GER"]

1. f4 Nf6 2. Nf3 d5 3. e3 Bf5 4. b4 e6 5. a3 Be7 6. Bb2 O-O 7. Be2 c5 8. b5 a6
9. c4 dxc4 10. bxa6 b5 11. a4 b4 12. Bxc4 Nxa6 13. Qe2 Nb8 14. d3 Nc6 15. Nbd2
Nd5 16. Qf2 Nb6 17. Bb5 Na7 18. O-O Nxb5 19. e4 Nxa4 20. Rxa4 Rxa4 21. Qg3 Bf6
22. exf5 Bxb2 23. Ng5 exf5 24. Qh4 h6 25. Ndf3 Nd4 26. Qh5 Nxf3+ 27. Rxf3 Bd4+
0-1

[Event "Unna Open 2022"]
[Site "Unna"]
[Date "2022.12.30"]
[Round "7.26"]
[White "Willems, Marcus"]
[Black "Menne, Klaus"]
[Result "1-0"]
[WhiteElo "1628"]
[BlackElo "1389"]
[Annotator "Medger,Gernot"]
[PlyCount "59"]
[EventDate "2022.12.??"]
[EventType "tourn"]
[EventRounds "7"]
[EventCountry "GER"]

1. e4 c5 2. Nf3 Nc6 3. d4 cxd4 4. Nxd4 e5 5. Nb5 a6 6. Nd6+ Bxd6 7. Qxd6 Qe7 8.
Qd1 h6 9. Nc3 Nf6 10. Nd5 Nxd5 11. exd5 Nd8 12. c4 Qb4+ 13. Qd2 Qxd2+ 14. Bxd2
O-O 15. Bb4 Re8 16. Be2 Kh7 17. O-O f6 18. Bd3+ g6 19. Rae1 Nf7 20. d6 b6 21.
Be4 Rb8 22. f4 Kg7 23. Bd5 Bb7 24. Bxf7 Kxf7 25. fxe5 f5 26. g4 Ke6 27. Bd2 Rh8
28. a4 Be4 29. Rxe4 fxe4 30. Rf6+ 1-0

[Event "Unna Open 2022"]
[Site "Unna"]
[Date "2022.12.30"]
[Round "7.27"]
[White "Neumann, Helena"]
[Black "Foltin, Alica"]
[Result "0-1"]
[WhiteElo "1575"]
[BlackElo "1587"]
[Annotator "Medger,Gernot"]
[PlyCount "72"]
[EventDate "2022.12.??"]
[EventType "tourn"]
[EventRounds "7"]
[EventCountry "GER"]

1. e4 d6 2. d4 Nf6 3. Nc3 Nbd7 4. Nf3 e5 5. Be2 Be7 6. O-O c6 7. h3 Qc7 8. Be3
h6 9. Qd2 Nf8 10. dxe5 dxe5 11. Rfd1 g5 12. Ne1 Ng6 13. Bc4 Nf4 14. f3 h5 15.
Nd3 Bd7 16. Kf2 b5 17. Bb3 h4 18. Ne2 Rd8 19. Qc3 Ng6 20. a4 a6 21. axb5 axb5
22. Ra7 Qb8 23. Rda1 b4 24. Qc4 O-O 25. Bc5 Be6 26. Qxb4 Bxc5+ 27. Qxc5 Bxb3
28. Nb4 Nd7 29. Qa5 Ne7 30. cxb3 c5 31. Rxd7 Rxd7 32. Qxc5 Rc8 33. Qe3 Qxb4 34.
Qxg5+ Ng6 35. Ra6 Qc5+ 36. Ke1 Rd6 0-1

[Event "Unna Open 2022"]
[Site "Unna"]
[Date "2022.12.30"]
[Round "7.28"]
[White "Pollerberg, Amelie"]
[Black "Reinacher, Detlev"]
[Result "0-1"]
[WhiteElo "1454"]
[BlackElo "1651"]
[Annotator "Medger,Gernot"]
[PlyCount "110"]
[EventDate "2022.12.??"]
[EventType "tourn"]
[EventRounds "7"]
[EventCountry "GER"]

1. c4 d6 2. g3 g6 3. Bg2 Bg7 4. Nc3 Nf6 5. d4 O-O 6. Nf3 c6 7. e4 Qc7 8. O-O
Nbd7 9. Re1 e5 10. d5 c5 11. Rb1 a6 12. Qe2 Nb6 13. h3 Bd7 14. Be3 Na4 15. Bd2
Rab8 16. Nxa4 Bxa4 17. b3 Bd7 18. Rb2 b5 19. Reb1 b4 20. Kh2 a5 21. Ne1 Nh5 22.
Rc1 f5 23. exf5 Bxf5 24. g4 e4 25. Rbc2 e3 26. gxf5 exd2 27. Qxd2 Be5+ 28. Kg1
Bf4 29. Qe2 Rbe8 30. Qg4 Rxf5 31. Rb1 Rg5 32. Qd1 Rf5 33. Nf3 Qf7 34. Re2 Be5
35. Nxe5 Rexe5 36. Rxe5 Rxe5 37. Qd2 Qe7 38. Bf3 Ng7 39. Bg2 Re2 40. Qd1 Rxa2
41. Ra1 Rxa1 42. Qxa1 Qd8 43. Kf1 Nf5 44. Bf3 Nd4 45. Bd1 Kf7 46. Qa2 Qh4 47.
Kg2 Qg5+ 48. Kh2 Qe5+ 49. Kg2 Qe4+ 50. f3 Qd3 51. Qa1 Qd2+ 52. Kg3 Qe1+ 53. Kg2
Nxb3 54. Qb1 Nd2 55. Qd3 Qxd1 0-1

[Event "Unna Open 2022"]
[Site "Unna"]
[Date "2022.12.30"]
[Round "7.29"]
[White "Nechitaylo, Lev"]
[Black "Schirmbeck, Lilian"]
[Result "1/2-1/2"]
[WhiteElo "1374"]
[BlackElo "1541"]
[Annotator "Medger,Gernot"]
[PlyCount "63"]
[EventDate "2022.12.??"]
[EventType "tourn"]
[EventRounds "7"]
[EventCountry "GER"]

1. d4 d5 2. Nf3 Bf5 3. Nc3 Nf6 4. e3 c5 5. Bd3 Bg6 6. Bb5+ Nc6 7. Ne5 Qc7 8.
Nxc6 bxc6 9. Ba4 e6 10. Qe2 Bd6 11. dxc5 Bxc5 12. Bd2 O-O 13. g4 e5 14. h4 d4
15. Nd1 Rad8 16. h5 d3 17. Qf1 dxc2 18. hxg6 cxd1=Q+ 19. Rxd1 fxg6 20. Qc4+ Kh8
21. Qxc5 Ne4 22. Qxc6 Qxc6 23. Bxc6 Nxf2 24. Rf1 Nxd1 25. Rxf8+ Rxf8 26. Kxd1
h5 27. gxh5 gxh5 28. Bc3 g5 29. Bxe5+ Kh7 30. Ke2 h4 31. Bd7 Kg6 32. Bg4
1/2-1/2

[Event "Unna Open 2022"]
[Site "Unna"]
[Date "2022.12.30"]
[Round "7.30"]
[White "Pennekamp, Christoph"]
[Black "Jacob, Phil"]
[Result "1-0"]
[WhiteElo "1313"]
[BlackElo "1526"]
[Annotator "Medger,Gernot"]
[PlyCount "57"]
[EventDate "2022.12.??"]
[EventType "tourn"]
[EventRounds "7"]
[EventCountry "GER"]

1. Nf3 Nf6 2. e3 g6 3. d4 Bg7 4. c4 d6 5. Nc3 O-O 6. Be2 Bf5 7. Nh4 Bd7 8. Nf3
Na6 9. O-O Re8 10. Qb3 Qc8 11. Re1 c6 12. Bd2 Nc7 13. e4 d5 14. cxd5 cxd5 15.
exd5 b6 16. Ne5 Bf5 17. d6 Be6 18. Bc4 exd6 19. d5 Bxd5 20. Nxd5 dxe5 21. Nxf6+
Bxf6 22. Bxf7+ Kh8 23. Bxe8 Qxe8 24. Rac1 Qd7 25. Rcd1 Qe6 26. Qxe6 Nxe6 27.
Bc3 Nd4 28. f4 Re8 29. Bxd4 1-0

[Event "Unna Open 2022"]
[Site "Unna"]
[Date "2022.12.30"]
[Round "7.31"]
[White "Naumann, Thomas"]
[Black "Ait Khouya, Muhammad"]
[Result "1/2-1/2"]
[WhiteElo "1520"]
[BlackElo "1277"]
[Annotator "Medger,Gernot"]
[PlyCount "58"]
[EventDate "2022.12.??"]
[EventType "tourn"]
[EventRounds "7"]
[EventCountry "GER"]

1. d4 d5 2. Nf3 Nf6 3. e3 e6 4. Be2 c5 5. c3 Nc6 6. O-O Be7 7. b3 O-O 8. Bb2 b6
9. Nbd2 Bb7 10. Re1 Qc7 11. Bd3 Rfe8 12. e4 Rad8 13. e5 Nd7 14. Qc2 h6 15. h3
Bf8 16. Nh2 f6 17. f4 fxe5 18. fxe5 Ne7 19. Ndf3 cxd4 20. Nxd4 Nc6 21. Nb5 Qb8
22. Bg6 Bc5+ 23. Kh1 Rf8 24. Ng4 Ndxe5 25. Nxe5 Nxe5 26. Nd4 Bxd4 27. cxd4 Nxg6
28. Qxg6 Rf6 29. Qg4 Qf4 1/2-1/2

[Event "Unna Open 2022"]
[Site "Unna"]
[Date "2022.12.30"]
[Round "7.32"]
[White "Muhr, Martin"]
[Black "Naumann, Martin"]
[Result "0-1"]
[WhiteElo "1127"]
[BlackElo "1511"]
[Annotator "Medger,Gernot"]
[PlyCount "68"]
[EventDate "2022.12.??"]
[EventType "tourn"]
[EventRounds "7"]
[EventCountry "GER"]

1. d4 Nf6 2. Bf4 e6 3. e3 d5 4. Nf3 c5 5. c3 Be7 6. h4 h6 7. Bd3 Nc6 8. Nbd2
Bd6 9. Ne5 Qc7 10. Ndf3 O-O 11. g4 Nd7 12. Bh7+ Kxh7 13. Ng5+ Kg8 14. Qc2 Nf6
15. Ngf3 Bxe5 16. dxe5 Ne4 17. h5 Qe7 18. O-O-O f6 19. Nh4 Qf7 20. Ng6 fxe5 21.
Nxf8 Qxf8 22. Bg3 Qf3 23. Rhg1 Bd7 24. Rdf1 Rf8 25. Bh4 Be8 26. g5 hxg5 27.
Bxg5 Nxg5 28. Rxg5 e4 29. h6 g6 30. Rg3 Qh5 31. Qd1 Qxd1+ 32. Kxd1 Kh7 33. Rh3
Ne5 34. Ke2 Bb5+ 0-1

[Event "Unna Open 2022"]
[Site "Unna"]
[Date "2022.12.30"]
[Round "7.33"]
[White "Sviridov, Vitaliy"]
[Black "Weiner, Marc"]
[Result "1-0"]
[WhiteElo "1462"]
[BlackElo "1207"]
[Annotator "Medger,Gernot"]
[PlyCount "175"]
[EventDate "2022.12.??"]
[EventType "tourn"]
[EventRounds "7"]
[EventCountry "GER"]

1. d4 d5 2. Bf4 Nf6 3. e3 g6 4. h3 Bg7 5. c3 O-O 6. Be2 c5 7. Nd2 cxd4 8. exd4
Nc6 9. h4 Re8 10. h5 e5 11. Bg5 exd4 12. cxd4 Nxd4 13. Ngf3 Nxf3+ 14. Nxf3 Bf5
15. Nd4 Qa5+ 16. Kf1 Bd7 17. Rh4 Rac8 18. g3 Qb6 19. Kg2 Re4 20. Rxe4 Nxe4 21.
Be3 Qf6 22. Qb3 Bc6 23. Rh1 Bh6 24. f4 Re8 25. Nf3 a6 26. hxg6 Qxg6 27. Rh3 Bg7
28. Nh4 Qe6 29. f5 Qe7 30. Bf3 Bf6 31. Bf4 Bg5 32. Qe3 Bxf4 33. Qxf4 Ng5 34. f6
Qe5 35. Qg4 h6 36. Nf5 Qxb2+ 37. Kf1 Qxf6 38. Rxh6 Qa1+ 39. Kf2 f6 40. Rg6+ Kf7
41. Rg7+ Ke6 42. Ne3+ Kd6 43. Qb4+ Ke5 44. Qf4+ Ke6 45. Bg4+ f5 46. Qxf5+ Kd6
47. Rg6+ Kc7 48. Qf4+ Kb6 49. Rxg5 Qxa2+ 50. Be2 Re4 51. Qf6 d4 52. Nc4+ Ka7
53. Qf3 Re5 54. Qg4 Re4 55. Qf3 Re5 56. Qd3 Re8 57. Qxd4+ Kb8 58. Qf4+ Ka7 59.
Ne5 Ka8 60. Qc4 Rf8+ 61. Ke3 Qa3+ 62. Qd3 Qc1+ 63. Qd2 Qa3+ 64. Nd3 Re8+ 65.
Kf2 Rf8+ 66. Nf4 Qe7 67. Rh5 Qe4 68. Rh2 Qf5 69. Qd3 Qc5+ 70. Qe3 Qf5 71. Rh5
Qf7 72. Bf3 Kb8 73. Qe5+ Ka8 74. Bxc6 Qa2+ 75. Qe2 Qxe2+ 76. Kxe2 bxc6 77. Rg5
Kb7 78. Kd3 Kb6 79. Kc4 a5 80. Rg6 Rf5 81. Ne2 Rc5+ 82. Kb3 Re5 83. Nd4 Rc5 84.
g4 Kb7 85. g5 Kb6 86. Rxc6+ Rxc6 87. Nxc6 Kxc6 88. g6 1-0

[Event "Unna Open 2022"]
[Site "Unna"]
[Date "2022.12.30"]
[Round "7.34"]
[White "Schulte, Tobias"]
[Black "Krüger, Elias Jordan"]
[Result "1-0"]
[WhiteElo "1751"]
[BlackElo "862"]
[Annotator "Medger,Gernot"]
[PlyCount "91"]
[EventDate "2022.12.??"]
[EventType "tourn"]
[EventRounds "7"]
[EventCountry "GER"]

1. d4 Nf6 2. Bg5 d5 3. e3 Bf5 4. c4 e6 5. Qb3 Nc6 6. cxd5 exd5 7. Bb5 Qd7 8.
Nf3 Qd6 9. O-O Bd7 10. a3 a6 11. Bf4 Na5 12. Qc2 Qb6 13. Bxd7+ Nxd7 14. Bxc7
Qc6 15. Qxc6 Nxc6 16. Nc3 Be7 17. Nxd5 O-O 18. Nxe7+ Nxe7 19. Rac1 h6 20. Rc2
Nd5 21. Rfc1 Rfc8 22. Bg3 Rd8 23. h3 N7b6 24. Ne5 f6 25. Nc4 Nd7 26. Nd6 b5 27.
Rc8 Raxc8 28. Rxc8 Rxc8 29. Nxc8 N7b6 30. Nxb6 Nxb6 31. b3 a5 32. Bc7 a4 33.
bxa4 Nxa4 34. Ba5 Kf7 35. Kf1 Ke6 36. e4 f5 37. f3 Nb2 38. Ke2 f4 39. d5+ Kd6
40. Bc3 Nc4 41. Bxg7 Nxa3 42. Bf8+ Kd7 43. Bxa3 h5 44. Bc1 b4 45. Bxf4 b3 46.
Be5 1-0

[Event "Unna Open 2022"]
[Site "Unna"]
[Date "2022.12.30"]
[Round "7.35"]
[White "Burosch, Raimund"]
[Black "Dziuk, Dariusz"]
[Result "0-1"]
[WhiteElo "1429"]
[BlackElo "1161"]
[Annotator "Medger,Gernot"]
[PlyCount "150"]
[EventDate "2022.12.??"]
[EventType "tourn"]
[EventRounds "7"]
[EventCountry "GER"]

1. Nf3 Nf6 2. d3 Nc6 3. e4 e5 4. g3 d5 5. Nbd2 h6 6. Bg2 Be6 7. O-O Qd7 8. c3
a5 9. Re1 Bg4 10. Nf1 d4 11. c4 b6 12. Qc2 Nb4 13. Qe2 c5 14. a3 Nc6 15. Qc2
Bd6 16. Nh4 g5 17. Nf3 Ng8 18. Qb3 Bc7 19. Kh1 f6 20. h4 Bxf3 21. Bxf3 Qh3+ 22.
Nh2 gxh4 23. Bg2 Qd7 24. gxh4 h5 25. Rg1 O-O-O 26. Qd1 Nge7 27. Qf3 Rdf8 28.
Bh3 f5 29. Bg5 Kb7 30. b4 axb4 31. axb4 Nxb4 32. exf5+ Nec6 33. f6 Qd6 34. Bg2
e4 35. Qh3 Nxd3 36. Rgf1 Qe5 37. f4 exf3 38. Rxf3 Ne1 39. Bf4 Qe2 40. Bxc7
Qxg2+ 41. Qxg2 Nxg2 42. Bd6 Nxh4 43. Rh3 Nf5 44. Bxf8 Rxf8 45. Rf3 Rxf6 46.
Raf1 Nce7 47. Re1 Rg6 48. Nf1 Rg4 49. Re5 Rg5 50. Kh2 h4 51. Nd2 Kc7 52. Ne4
Rh5 53. Nf6 Rg5 54. Nd5+ Kd6 55. Re2 Nxd5 56. cxd5 Kxd5 57. Rb2 Ne3 58. Rxb6
Rg4 59. Kh3 Rg3+ 60. Rxg3 hxg3 61. Kxg3 Ke4 62. Re6+ Kd3 63. Kf4 c4 64. Ke5 c3
65. Rd6 Nc2 66. Rc6 Ne1 67. Kd5 Nf3 68. Rc8 c2 69. Rc7 Kd2 70. Ke4 c1=Q 71.
Rxc1 Kxc1 72. Kd3 Kd1 73. Ke4 Kd2 74. Kxf3 d3 75. Kf2 Kd1 0-1

[Event "Unna Open 2022"]
[Site "Unna"]
[Date "2022.12.30"]
[Round "7.36"]
[White "Koch, Lennard"]
[Black "Koch, Alexander Leon"]
[Result "1-0"]
[WhiteElo "1358"]
[BlackElo "987"]
[Annotator "Medger,Gernot"]
[PlyCount "61"]
[EventDate "2022.12.??"]
[EventType "tourn"]
[EventRounds "7"]
[EventCountry "GER"]

1. c4 d5 2. d4 e6 3. Nc3 Nc6 4. e3 Nf6 5. g3 Bb4 6. Bd2 Bxc3 7. Bxc3 O-O 8. Ne2
dxc4 9. Bg2 Bd7 10. O-O Re8 11. Qc2 b5 12. a3 a6 13. f4 Ng4 14. Qd2 Rb8 15. Bf3
f5 16. d5 Na7 17. Qd4 Qf6 18. Bxg4 Qxd4 19. Bxd4 fxg4 20. Bxa7 Ra8 21. dxe6
Bxe6 22. Bd4 Bf5 23. Nc3 Rab8 24. Nd5 c6 25. Nb4 Bd3 26. Nxd3 cxd3 27. Rfd1
Red8 28. Rac1 Rbc8 29. Rc5 Rd5 30. Rxd3 Rxc5 31. Bxc5 1-0

[Event "Unna Open 2022"]
[Site "Unna"]
[Date "2022.12.30"]
[Round "7.37"]
[White "Jorke, Roland"]
[Black "Jäger, Jeremy"]
[Result "0-1"]
[WhiteElo "1270"]
[BlackElo "1299"]
[Annotator "Medger,Gernot"]
[PlyCount "86"]
[EventDate "2022.12.??"]
[EventType "tourn"]
[EventRounds "7"]
[EventCountry "GER"]

1. Nf3 d5 2. d4 Nc6 3. g3 Bg4 4. Bg2 Nf6 5. Nbd2 e6 6. O-O Be7 7. c4 h5 8. Re1
Ne4 9. a3 h4 10. Ne5 Nxe5 11. dxe5 hxg3 12. hxg3 Ng5 13. cxd5 exd5 14. f4 Nh3+
15. Kf1 c6 16. Nf3 Qb6 17. e3 g5 18. b4 gxf4 19. Qd4 Qxd4 20. exd4 fxg3 21. Bd2
Kd7 22. Ke2 Rag8 23. Kd3 Rg7 24. Ng1 Nxg1 25. Rxg1 Bh3 26. Rh1 Rgh7 27. Rhg1
Bf5+ 28. Ke2 Rh2 29. Bf4 Rg8 30. Kf1 f6 31. Ke2 fxe5 32. dxe5 Bd8 33. Be3 a6
34. Rac1 Bc7 35. Bf4 Ke6 36. Ke3 Bb6+ 37. Ke2 Bxg1 38. Rxg1 Be4 39. Kf1 Rf8 40.
Bxe4 Rxf4+ 41. Bf3 Rxf3+ 42. Ke1 g2 43. Ke2 Rxa3 0-1

[Event "Unna Open 2022"]
[Site "Unna"]
[Date "2022.12.30"]
[Round "7.38"]
[White "Weiner, Timon Liam"]
[Black "Neumann, Michael"]
[Result "1/2-1/2"]
[WhiteElo "1153"]
[BlackElo "1298"]
[Annotator "Medger,Gernot"]
[PlyCount "66"]
[EventDate "2022.12.??"]
[EventType "tourn"]
[EventRounds "7"]
[EventCountry "GER"]

1. e4 e6 2. d4 d5 3. exd5 exd5 4. Nf3 Be7 5. Nc3 Be6 6. Be2 Nf6 7. Bf4 O-O 8.
O-O c5 9. Qd2 b6 10. Rad1 Nc6 11. Nb5 a6 12. Nc7 Ra7 13. Nxe6 fxe6 14. c3 c4
15. Ne5 Nxe5 16. Bxe5 Ne4 17. Qc2 Bh4 18. f3 Nd6 19. g3 Bf6 20. Bxf6 Rxf6 21.
Rde1 Nf5 22. Qd2 Raf7 23. Kg2 Qd6 24. Bd1 Rg6 25. Re5 Qe7 26. Qc1 h5 27. Qd2 h4
28. g4 h3+ 29. Kh1 Nh4 30. Rh5 Qf6 31. Qe3 Rxg4 32. fxg4 Qxf1+ 33. Qg1 Qg2+
1/2-1/2

[Event "Unna Open 2022"]
[Site "Unna"]
[Date "2022.12.30"]
[Round "7.39"]
[White "Arnoldi, Ekkehard"]
[Black "Schulze-Ardey, Dario"]
[Result "1-0"]
[WhiteElo "1298"]
[BlackElo "767"]
[Annotator "Medger,Gernot"]
[PlyCount "67"]
[EventDate "2022.12.??"]
[EventType "tourn"]
[EventRounds "7"]
[EventCountry "GER"]

1. d4 d5 2. e3 Nf6 3. Bd3 Nc6 4. c3 Bd7 5. f4 e6 6. Nf3 Bd6 7. Ne5 Bxe5 8. fxe5
Ne4 9. Qg4 f5 10. exf6 Qxf6 11. Bxe4 dxe4 12. Qxe4 O-O 13. Qf3 Qh4+ 14. Qg3 Qe4
15. Nd2 Qf5 16. e4 Qf7 17. Nf3 Qf6 18. O-O Rae8 19. Qxc7 Re7 20. Bg5 Qf7 21.
Bxe7 Qxe7 22. Ne5 Rd8 23. Rf7 Qh4 24. Rxd7 Rf8 25. Rxg7+ Kh8 26. Rf7 Rg8 27.
Nxc6 Qxe4 28. Qe5+ Qxe5 29. Nxe5 b5 30. Rxa7 b4 31. Rf1 bxc3 32. Rff7 Rxg2+ 33.
Kxg2 cxb2 34. Ra8# 1-0

[Event "Unna Open 2022"]
[Site "Unna"]
[Date "2022.12.30"]
[Round "7.40"]
[White "Palermo, Julian"]
[Black "Luccone, Constantin"]
[Result "1-0"]
[WhiteElo "1297"]
[BlackElo "1190"]
[Annotator "Medger,Gernot"]
[PlyCount "84"]
[EventDate "2022.12.??"]
[EventType "tourn"]
[EventRounds "7"]
[EventCountry "GER"]

1. c4 d5 2. cxd5 Qxd5 3. Nf3 Nc6 4. g3 Nf6 5. Bg2 Qd8 6. Nc3 e6 7. O-O g6 8. e4
Bg7 9. e5 Nd7 10. d4 O-O 11. Re1 f6 12. exf6 Nxf6 13. Bg5 h6 14. Bxf6 Qxf6 15.
d5 exd5 16. Qxd5+ Kh8 17. Re3 Bf5 18. Rae1 Rab8 19. R1e2 Nb4 20. Qb3 Nd3 21.
Nd5 Qd6 22. Rxd3 Bxd3 23. Qxd3 c6 24. Nf4 Qxd3 25. Nxd3 Rbd8 26. Nde5 Kh7 27.
Bf1 Bxe5 28. Nxe5 Kg7 29. Kg2 Rfe8 30. Nd3 Rxe2 31. Bxe2 Kf7 32. b3 Kf6 33. h4
Re8 34. Bf3 Rd8 35. Be4 g5 36. hxg5+ hxg5 37. f3 Ke6 38. Kf2 Kf6 39. Ke3 Re8
40. g4 Rh8 41. Kd4 Rh2 42. a4 Rh7 1-0

[Event "Unna Open 2022"]
[Site "Unna"]
[Date "2022.12.30"]
[Round "7.41"]
[White "Kommessin, Sabine"]
[Black "Conradi, Rolf"]
[Result "1/2-1/2"]
[WhiteElo "1111"]
[BlackElo "1287"]
[Annotator "Medger,Gernot"]
[PlyCount "98"]
[EventDate "2022.12.??"]
[EventType "tourn"]
[EventRounds "7"]
[EventCountry "GER"]

1. e4 e5 2. Nf3 Nc6 3. Bc4 Nd4 4. c3 Nxf3+ 5. Qxf3 Nf6 6. h3 Bc5 7. b4 Bb6 8.
a4 a6 9. a5 Ba7 10. d3 d6 11. Be3 Bxe3 12. fxe3 O-O 13. O-O Qe8 14. Bb3 Be6 15.
Bc2 c6 16. Nd2 d5 17. c4 Rd8 18. Nb3 dxc4 19. Nc5 Qe7 20. Rac1 cxd3 21. Bxd3
Bc8 22. Be2 Rd2 23. Nd3 Rd8 24. Rc3 Qe6 25. Nc5 Qa2 26. Bc4 Qb2 27. Rb3 Qc2 28.
Rd3 R2xd3 29. Bxd3 Qc3 30. g4 Rf8 31. Be2 Qxb4 32. Nd3 Qxe4 33. Qg3 Qa4 34.
Nxe5 Qxa5 35. g5 Nd7 36. Nc4 Qd8 37. Nd6 Nc5 38. Nxf7 Rxf7 39. Bc4 Be6 40. Bxe6
Nxe6 41. h4 Rxf1+ 42. Kxf1 b5 43. Qg4 Qe7 44. Qe4 Qd7 45. Qg4 c5 46. Ke2 c4 47.
Qg3 c3 48. Qb8+ Qd8 49. Qe5 Qc8 {Rest nicht zu entziffern} 1/2-1/2

[Event "Unna Open 2022"]
[Site "Unna"]
[Date "2022.12.30"]
[Round "7.42"]
[White "Ait Khouya, Moussa"]
[Black "Senel, Serdar"]
[Result "0-1"]
[WhiteElo "830"]
[BlackElo "1228"]
[Annotator "Medger,Gernot"]
[PlyCount "42"]
[EventDate "2022.12.??"]
[EventType "tourn"]
[EventRounds "7"]
[EventCountry "GER"]

1. e4 e5 2. Nf3 Nc6 3. Bc4 Bc5 4. Nc3 d6 5. h3 Be6 6. d3 Bxc4 7. dxc4 Nf6 8.
Bg5 h6 9. Bxf6 gxf6 10. O-O Qd7 11. Nd5 O-O-O 12. Nxf6 Qe6 13. Nd5 Ne7 14.
Nxe7+ Qxe7 15. c3 Rdg8 16. Qd2 Qe6 17. Qd3 Qxh3 18. Ne1 Rxg2+ 19. Nxg2 Qxd3 20.
b4 Rg8 21. bxc5 Qf3 0-1

[Event "Unna Open 2022"]
[Site "Unna"]
[Date "2022.12.30"]
[Round "7.43"]
[White "Dunker, Fabian"]
[Black "Weiner, Letizia Marilena"]
[Result "1-0"]
[WhiteElo "1001"]
[BlackElo "734"]
[Annotator "Medger,Gernot"]
[PlyCount "62"]
[EventDate "2022.12.??"]
[EventType "tourn"]
[EventRounds "7"]
[EventCountry "GER"]

1. e4 c5 2. d4 cxd4 3. Qxd4 Nc6 4. Qe3 g6 5. Nc3 Bg7 6. Bd2 e6 7. Bd3 Nge7 8.
O-O-O O-O 9. f3 Re8 10. Nge2 d5 11. Qg5 a6 12. exd5 exd5 13. Na4 d4 14. Qc5 Be6
15. Bc4 Bxc4 16. Nb6 Bxe2 17. Rde1 Bxf3 18. gxf3 Rb8 19. Bg5 h6 20. Bxe7 Nxe7
21. Re4 d3 22. cxd3 Qxd3 23. Rxe7 Bf8 24. Qc4 Qxc4+ 25. Nxc4 Rxe7 26. Nd2 Rc8+
27. Kb1 Re2 28. Nb3 Rcc2 29. Rc1 Rxb2+ 30. Ka1 Rxa2+ 31. Kb1 Reb2# 1-0

[Event "Unna Open 2022"]
[Site "Unna"]
[Date "2022.12.30"]
[Round "7.44"]
[White "Werner, Michael"]
[Black "Leufert, Jan-Frederik"]
[Result "1-0"]
[WhiteElo "1200"]
[BlackElo "774"]
[Annotator "Medger,Gernot"]
[PlyCount "63"]
[EventDate "2022.12.??"]
[EventType "tourn"]
[EventRounds "7"]
[EventCountry "GER"]

1. e4 d5 2. exd5 Qxd5 3. Nf3 Nf6 4. d4 Qd8 5. Bc4 Bf5 6. Ne5 e6 7. Bg5 Be7 8.
O-O h6 9. Bh4 Ng4 10. Bxe7 Qxe7 11. Nxg4 Qg5 12. Ne5 Bh3 13. Qf3 Bf5 14. Bd3
Bxd3 15. cxd3 f6 16. Qxb7 fxe5 17. Qxa8 O-O 18. dxe5 Qxe5 19. Nc3 Nd7 20. Qe4
Qd6 21. Rae1 e5 22. Qd5+ Qxd5 23. Nxd5 c6 24. Ne7+ Kf7 25. Nxc6 Kf6 26. Nxa7
Ra8 27. Nc6 Rxa2 28. b4 Rc2 29. b5 Nc5 30. Rc1 Rxc1 31. Rxc1 Nxd3 32. Rb1 1-0